|
|
|
|
| LEADER |
00828nam a2200277 4500 |
| 001 |
DLU060052623 |
| 040 |
# |
# |
|a DLU
|b vie
|
| 041 |
# |
# |
|a vie
|
| 044 |
# |
# |
|a vn
|
| 100 |
# |
# |
|a Nguyễn Thị Phương Thuỳ
|
| 245 |
# |
# |
|a Vần, thanh điệu, nhịp điệu trong câu thơ mới bảy chữ: Trên tư liệu các tập thơ của Xuân Diệu, Tố Hữu /
|c Nguyễn Thị Phương Thuỳ
|
| 653 |
# |
# |
|a Thơ
|
| 653 |
# |
# |
|a Thanh điệu
|
| 653 |
# |
# |
|a Vần
|
| 773 |
# |
# |
|t Ngôn ngữ
|g Số 11, 2004, tr.68-79
|
| 920 |
# |
# |
|a Phòng Tạp chí -- Trung tâm Thông tin - Thư viện Trường Đại học Đà Lạt
|
| 933 |
# |
# |
|a CT, TN
|
| 994 |
# |
# |
|a DLU
|
| 900 |
# |
# |
|a True
|
| 911 |
# |
# |
|a Nguyễn Thị Yên
|
| 925 |
# |
# |
|a G
|
| 926 |
# |
# |
|a A
|
| 927 |
# |
# |
|a BB
|
| 980 |
# |
# |
|a Thư viện Trường Đại học Đà Lạt
|